000
00221 a2200109 4500
001
125460
040
_c
Escola Canadense de Niteroi
090
_a
L3
100
_a
Paes, José Paulo
245
1
0
_a
Lé Com Cré
942
_c
BK
999
_c
125460
_d
125460